000
00312nam a2200121Ia 4500
005
20260326235442.0
008
260326s9999||||xx |||||||||||||| ||und||
100
_a
Gómez, Efraín
245
0
_a
Panamá :
_b
El Casco Antiguo /
_c
Efraín Gómez
260
_b
Editart
650
_a
ARQUITECTURA REGIONAL
942
_c
BK
999
_c
7433
_d
7433